00377 2200157 4500001002100000005001500021035002000036245003900056100001400095300002600109260002800135082000800163084001400171020002200185990001200207INLIS00000000000294120250917110134 a0010-09250002881 aCinta Tak Pernah Sama /cDista Dee0 aDista Dee a182 hlm ;c13 x 19 cm aJakarta :bZettu,c2012 a813 a813 DIS c a978-602-7735-22-4 a0755692